[Event "Halle-chT (Women)"]
[Site "Halle"]
[Date "2005.04.15"]
[Round "3.4"]
[White "Damering, Katrin"]
[Black "Krege, Sandra"]
[Result "0-1"]
[WhiteElo "2148"]
[BlackElo "1988"]
[PlyCount "110"]
[EventDate "2005.04.14"]
[EventType "team"]
[EventRounds "5"]
[EventCountry "GER"]
[SourceTitle "CBM 105 Extra"]
[Source "ChessBase"]
[SourceDate "2005.05.01"]
[SourceVersion "1"]
[SourceVersionDate "2005.05.01"]
[SourceQuality "1"]

1. e4 c5 2. Nf3 Nc6 3. d4 cxd4 4. Nxd4 Nf6 5. Nc3 e5 6. Ndb5 d6 7. Bg5 a6 8. Na3 Be6 9. Nc4 Rc8 10. Ne3 Be7 11. Bd3 Nxe4 12. Bxe4 Bxg5 13. Nf5 Bxf5 14. Bxf5 Rb8 15. Be4 0-0 16. h4 Bf6 17. Nd5 Be7 18. Ne3 Qb6 19. 0-0 Nd4 20. c3 Ne6 21. Nf5 Qc7 22. Qg4 Kh8 23. h5 Bf6 24. Nxg7 Nxg7 25. h6 Rg8 26. hxg7+ Rxg7 27. Qf5 Qe7 28. Rad1 b5 29. Rd3 Bg5 30. Rfd1 Rd8 31. Rd5 Rg6 32. Qf3 Rh6 33. a4 bxa4 34. Qd3 Bf4 35. g3 Bg5 36. Qxa6 Qe6 37. Bg2 f5 38. Qxa4 f4 39. Qe4 fxg3 40. fxg3 Be7 41. Rf1 Rg8 42. Rd3 Rhg6 43. Qe1 Qg4 44. Bd5 Rb8 45. Qe4 Qh3 46. Rf2 Qh6 47. Bf7 Rg7 48. Rdf3 Bd8 49. Kg2 Bb6 50. Rf1 Rg5 51. Rf6 Qg7 52. Rxd6 Rxg3+ 53. Kh2 Rg4 54. Rxb6 Rd8 55. Qe2 Rh4# 0-1